Czy jabłko...? - Statystyki

Ogólne statystyki
  • Ten quiz został rozwiązany 4 813 razy
  • Średni wynik to 18 z 27
Statystyki odpowiedzi
Hint Odpowiedź % Poprawnych
... może być czerwone? Tak
98%
... rośnie na drzewach? Tak
98%
... jest jaszczurką? Nie
97%
... jest owocem? Tak
97%
... jest symbolem Iphone'a? Tak
96%
... jest trujące? Nie
94%
... jest członkiem Spice Girls? Nie
89%
... jest księciem Walii? Nie
88%
... jest jadalne? Tak
80%
... jest filmem Patricka Swayze'ego ? Nie
78%
... jest palindromem? Nie
78%
... może unosić się na powierzchni wody? Tak
78%
... jest na pizzy hawajskiej? Nie
77%
... było narzędziem zabójstwa Franciszka Ferdynanda? Nie
73%
... to tortuga po hiszpańsku? Nie
67%
... jest grecką literą? Nie
67%
... jest Batmanem? Nie
55%
... pochodzi z Nowego Świata? Nie
49%
... jest owocem leśnym? Nie
47%
... to pomme po francusku? Tak
46%
... jest rzeczownikiem? Tak
42%
... oznacza coś po niemiecku? Nie
38%
... jest namacalne? Tak
38%
... ma odmianę Pink Lady? Tak
34%
... jest uważane za zakazany owoc? Tak
29%
... zostało zjedzone przez Królewnę Śnieżkę? Tak
28%
... było przyczyną wybuchu wojny trojańskiej? Tak
23%
Nie znaleziono quizów pasujących do podanych kryteriów
Rozkład punktacji
Procent ludzi z każdym wynikiem
Percentyl według liczby udzielonych odpowiedzi
Twoja historia wyników
Nie rozwiązałeś tego quizu